[Event "Berlin Lichtenberger op 18th"]
[Site "Berlin"]
[Date "2019.08.24"]
[Round "8"]
[White "Zubke, Carsten"]
[Black "Villuela, Roberto"]
[Result "0-1"]
[WhiteElo "1886"]
[BlackElo "1787"]
[PlyCount "96"]
[EventDate "2019.08.17"]
[EventType "swiss"]
[EventRounds "9"]
[EventCountry "GER"]
[SourceTitle "EXT 2020"]
[Source "ChessBase"]
[SourceDate "2019.10.17"]
[SourceVersion "1"]
[SourceVersionDate "2019.10.17"]
[SourceQuality "1"]

1. d4 Nf6 2. c4 g6 3. Nc3 d5 4. cxd5 Nxd5 5. e4 Nxc3 6. bxc3 Bg7 7. Be3 c5 8. Nf3 Qa5 9. Rc1 Nc6 10. Be2 cxd4 11. Nxd4 Nxd4 12. Bxd4 e5 13. Be3 Be6 14. 0-0 0-0 15. Rc2 Rfc8 16. Qb1 Rc7 17. c4 b6 18. Bd2 Qa4 19. Rfc1 Bf8 20. Rc3 Bb4 21. c5 Bxc5 22. Be3 Rac8 23. a3 Qe8 24. Ba6 Rb8 25. Bxc5 bxc5 26. Qc2 Rb6 27. Bf1 c4 28. Rb1 Qb8 29. Rc1 Rbc6 30. Qd2 Kg7 31. h4 h5 32. f4 Rd7 33. Qf2 exf4 34. Bxc4 Bxc4 35. Rxc4 Rxc4 36. Rxc4 Qb3 37. Rd4 Rb7 38. e5 Qxa3 39. Qxf4 Qe7 40. Rd6 Rc7 41. Qd4 Kh7 42. g3 Rb7 43. Qd5 Qc7 44. e6 fxe6 45. Qxe6 Rb1+ 46. Kf2 Qc2+ 47. Qe2 Qc5+ 48. Qe3 Rf1+ 0-1

[Event "Berlin Lichtenberger op 18th"]
[Site "Berlin"]
[Date "2019.08.21"]
[Round "5"]
[White "Theilig, Reinhard"]
[Black "Zubke, Carsten"]
[Result "1/2-1/2"]
[WhiteElo "1560"]
[BlackElo "1886"]
[PlyCount "93"]
[EventDate "2019.08.17"]
[EventType "swiss"]
[EventRounds "9"]
[EventCountry "GER"]
[SourceTitle "EXT 2020"]
[Source "ChessBase"]
[SourceDate "2019.10.17"]
[SourceVersion "1"]
[SourceVersionDate "2019.10.17"]
[SourceQuality "1"]

1. Nf3 Nf6 2. c4 c6 3. g3 d5 4. Bg2 dxc4 5. Qc2 g6 6. Qxc4 Bg7 7. d3 0-0 8. 0-0 Be6 9. Qc2 Na6 10. a3 Rc8 11. Nc3 Nc5 12. Nd2 a5 13. b4 axb4 14. axb4 Na6 15. Rb1 Bd5 16. Nxd5 Nxd5 17. Bb2 Naxb4 18. Qb3 Bxb2 19. Rxb2 c5 20. Rfb1 b6 21. Nc4 Rc6 22. Ne5 Re6 23. Nc4 Qd7 24. Bh3 f5 25. e4 Kg7 26. exd5 Qxd5 27. Qc3+ Kg8 28. Bg2 Qd7 29. d4 Nd5 30. Qf3 Nf6 31. dxc5 bxc5 32. Qd1 Qxd1+ 33. Rxd1 Ne4 34. Rb6 Rxb6 35. Nxb6 Nc3 36. Re1 Kf7 37. Nd5 Nxd5 38. Bxd5+ Ke8 39. Rc1 Kd7 40. Rxc5 Kd6 41. Ra5 f4 42. Be4 fxg3 43. hxg3 Rc8 44. Kg2 Ke6 45. Bf3 Rc7 46. Bd5+ Kf6 47. Be4 1/2-1/2

[Event "Oberliga Nord O 1516"]
[Site "Germany"]
[Date "2015.10.11"]
[Round "2.8"]
[White "Noetzel, Felix"]
[Black "Zubke, Carsten"]
[Result "1-0"]
[WhiteElo "2110"]
[BlackElo "1855"]
[PlyCount "57"]
[EventDate "2015.09.20"]
[EventType "team-tourn"]
[EventRounds "9"]
[EventCountry "GER"]
[SourceTitle "CBM 170 Extra"]
[Source "ChessBase"]
[SourceDate "2016.02.25"]
[SourceVersion "1"]
[SourceVersionDate "2016.02.25"]
[SourceQuality "1"]
[WhiteTeam "Berlin SF"]
[BlackTeam "Fuerstenwalde"]
[WhiteTeamCountry "GER"]
[BlackTeamCountry "GER"]

1. e4 e5 2. Nf3 Nc6 3. d4 exd4 4. Bc4 Nf6 5. 0-0 d6 6. Nxd4 g6 7. Nc3 Bg7 8. Bg5 0-0 9. Nxc6 bxc6 10. f4 Qe8 11. Qd3 Rb8 12. Bb3 Be6 13. f5 Bxb3 14. axb3 Rb4 15. Rxa7 Nxe4 16. Nxe4 Rxe4 17. f6 Bh8 18. Rxc7 Qe5 19. Re7 Qd4+ 20. Qxd4 Rxd4 21. Bh6 d5 22. Bxf8 Kxf8 23. Rc7 Re4 24. Rc8+ Re8 25. Rxc6 Re6 26. Rc8+ Re8 27. Rxe8+ Kxe8 28. g4 Kd7 29. g5 1-0